Luces y sangre (Record no. 118957)

MARC details
000 -LEADER
campo de control de longitud fija 00496nam a2200169 4500
001 - NÚMERO DE CONTROL
campo de control 118957
003 - IDENTIFICADOR DE NÚMERO DE CONTROL
campo de control ES-MaACL
007 - CAMPO FIJO DE DESCRIPCIÓN FÍSICA--INFORMACIÓN GENERAL
campo de control de longitud fija t|
008 - DATOS DE LONGITUD FIJA--INFORMACIÓN GENERAL
campo de control de longitud fija 070214s1953 sp r ||||1| spa d
100 1# - ENTRADA PRINCIPAL--NOMBRE DE PERSONA
Nombre de persona Peyré, Joseph.
9 (RLIN) 91595
245 10 - MENCIÓN DEL TÍTULO
Título Luces y sangre
Resto del título : novela /
Mención de responsabilidad, etc. Joseph Peyré ; traducción de R. M. Tenreiro.
250 ## - MENCION DE EDICION
Mención de edición 1ª. ed.
260 ## - PUBLICACIÓN, DISTRIBUCIÓN, ETC.
Lugar de publicación, distribución, etc. Barcelona :
Nombre del editor, distribuidor, etc. Juventud,
Fecha de publicación, distribución, etc. 1953.
300 ## - DESCRIPCIÓN FÍSICA
Extensión 336 p. ;
Dimensiones 19 cm.
700 1# - ENTRADA AGREGADA--NOMBRE PERSONAL
Nombre de persona Tenreiro, Ramón María.
9 (RLIN) 109707
852 ## - LOCALIZACIÓN
Ubicación ES-MaACL
Número de control de estantería C-6025
Sublocalización o colección R.34542
Holdings
Estatus retirado Estado de pérdida Estado de daño No para préstamo Biblioteca de origen Biblioteca actual Ubicación en estantería Fecha de adquisición Fuente de adquisición Total de préstamos Signatura topográfica completa Código de barras Visto por última vez Precio de reemplazo Tipo de ítem Koha
        Biblioteca del Ateneo de Madrid Biblioteca del Ateneo de Madrid Sala Palomar 17/01/2008     C-6025 1124011 23/02/2023 23/02/2023 Libro impreso